|
|
|
|
| LEADER |
00000caa a22000002c 4500 |
| 001 |
1640309578 |
| 003 |
DE-627 |
| 005 |
20220608131703.0 |
| 007 |
tu |
| 008 |
160223s1993 xx ||||| 00| ||eng c |
| 035 |
|
|
|a (DE-627)1640309578
|
| 035 |
|
|
|a (DE-576)456112359
|
| 035 |
|
|
|a (DE-599)BSZ456112359
|
| 040 |
|
|
|a DE-627
|b ger
|c DE-627
|e rakwb
|
| 041 |
|
|
|a eng
|
| 100 |
1 |
|
|a Yu, J.
|4 aut
|
| 245 |
1 |
0 |
|a Alcohol and risk/sensation seeking: specifying a causal model on high risk driving
|c J. Yu, W.R Williford
|
| 264 |
|
1 |
|c 1993
|
| 336 |
|
|
|a Text
|b txt
|2 rdacontent
|
| 337 |
|
|
|a ohne Hilfsmittel zu benutzen
|b n
|2 rdamedia
|
| 338 |
|
|
|a Band
|b nc
|2 rdacarrier
|
| 700 |
1 |
|
|a Williford, W. R.
|4 aut
|
| 773 |
0 |
8 |
|i In
|t Journal of addictive diseases
|d Philadelphia, Pa. : Taylor & Francis, 1991
|g 12(1993), 1, Seite 79-96
|w (DE-627)170583864
|w (DE-600)1077616-3
|w (DE-576)026326299
|x 1055-0887
|7 nnas
|
| 773 |
1 |
8 |
|g volume:12
|g year:1993
|g number:1
|g pages:79-96
|
| 935 |
|
|
|a mkri
|
| 951 |
|
|
|a AR
|
| ELC |
|
|
|b 1
|
| LOK |
|
|
|0 000 xxxxxcx a22 zn 4500
|
| LOK |
|
|
|0 001 3301863175
|
| LOK |
|
|
|0 003 DE-627
|
| LOK |
|
|
|0 004 1640309578
|
| LOK |
|
|
|0 005 20160223101617
|
| LOK |
|
|
|0 008 160208||||||||||||||||ger|||||||
|
| LOK |
|
|
|0 040
|a DE-21-110
|c DE-627
|d DE-21-110
|
| LOK |
|
|
|0 689
|a s
|a Risikoverhalten
|
| LOK |
|
|
|0 689
|a s
|a Autofahrer
|
| LOK |
|
|
|0 689
|a s
|a Trunkenheit am Steuer
|
| LOK |
|
|
|0 852
|z Kein Bestand am IfK; Nachweis für KrimDok
|
| LOK |
|
|
|0 852
|a DE-21-110
|
| LOK |
|
|
|0 852 1
|m v
|9 00
|
| LOK |
|
|
|0 935
|a k110
|
| LOK |
|
|
|0 938
|k v
|
| LOK |
|
|
|0 939
|a 08-02-16
|b l01
|
| ORI |
|
|
|a SA-MARC-krimdoka001.raw
|